000 00679cam a2200229 4500
001 M2150
008 090401t xxu||||| |||| 00| 0 eng d
035 _a(Sirsi) u36752
041 _aeng
050 _a692.2
110 _aPyramus and Thisbe Club
_93069
245 4 _aThe collected papers of the Pyramus & Thisbe Club volume II - 1990-1994.
260 _aLondon
_bPyramus & Thisbe Club
_c1996?
300 _a279,17p. ; 30cm.
350 _a0
520 _aFor papers given during 1974-1989 see Volume I (M2149).
650 _aParty walls
_96258
650 _aPYRAMUS AND THISBE CLUB
690 _aBUILT ENVIRONMENT-BUILDING INSPECTION
942 _n0
948 _c04/03/1997
999 _c90379
_d90379